00516 2200193 4500001002100000005001500021035002000036245005500056100001900111250001000130300002300140260003800163082001200201084001800213020001800231650001800249008004100267990001400308INLIS00000000000204020260423111404 a0010-04260000391 aBudi Daya Tomat Secara Komersial /cTim Penulis PS0 aTim Penulis PS aCet I a108 hlm. ;c23 cm. aJakarta :bPenebar Swadaya,c2009 a635.642 a635.642 TIM b a979-002-381-2 4aTanaman Sayur260423 0 ind  a202379127